Ritual matters : (Record no. 38360)
[ view plain ]
| 000 -LEADER | |
|---|---|
| fixed length control field | 01174nam a22002657a 4500 |
| 005 - DATE AND TIME OF LATEST TRANSACTION | |
| control field | 2010073102452.0 |
| 010 ## - LCCN (DPL NO) | |
| LC control number | ENG-97452 B-423809 |
| 020 ## - INTERNATIONAL STANDARD BOOK NUMBER | |
| International Standard Book Number | 9780415553780 |
| Terms of availability | 895.00 |
| 035 ## - SYSTEM CONTROL NUMBER | |
| System control number | EN-80985 |
| 035 ## - SYSTEM CONTROL NUMBER | |
| System control number | B-423809 |
| 037 ## - SOURCE OF ACQUISITION | |
| Source of stock number/acquisition | DBAD/PUB |
| 037 ## - SOURCE OF ACQUISITION | |
| Source of stock number/acquisition | Allied Publishers |
| 082 ## - DEWEY DECIMAL CLASSIFICATION NUMBER | |
| Classification number | 203.8 |
| 245 ## - TITLE STATEMENT | |
| Title | Ritual matters : |
| Remainder of title | dynamic dimensions in practice / |
| Statement of responsibility, etc | by Christiane Brosius and Ute Husken |
| 260 ## - PUBLICATION, DISTRIBUTION, ETC. (IMPRINT) | |
| Place of publication, distribution, etc | New Delhi |
| Name of publisher, distributor, etc | Routledge |
| Date of publication, distribution, etc | 2010 |
| 270 ## - ADDRESS | |
| Address | 912-915 Tolstoy House, 15-17 Tolstoy Marg, |
| City | New Delhi |
| Postal code | 110 001 |
| 300 ## - PHYSICAL DESCRIPTION | |
| Extent | vii, 403p. |
| Dimensions | 22 cm (Hb) |
| 500 ## - GENERAL NOTE | |
| General note | Includes index |
| 700 ## - ADDED ENTRY--PERSONAL NAME | |
| Personal name | Brosius, Christiane |
| 9 (RLIN) | 2944 |
| 700 ## - ADDED ENTRY--PERSONAL NAME | |
| Personal name | Husken, Ute |
| 9 (RLIN) | 2945 |
| 942 ## - ADDED ENTRY ELEMENTS (KOHA) | |
| Source of classification or shelving scheme | Dewey Decimal Classification |
| Item type | English Books |
| Classification part | 203.8 |
| Call number suffix | RIT |
| Withdrawn status | Lost status | Not for loan | Collection code | Home library | Current library | Date acquired | Source of acquisition | Cost, normal purchase price | Full call number | Barcode | Copy number | Cost, replacement price | Koha item type |
|---|---|---|---|---|---|---|---|---|---|---|---|---|---|
| Non-fiction | Central Library | Central Library | 10/08/2011 | Allied Publishers/CR/0002704/17.3.11/75/4.3.11/17.3.11 | 895.00 | 203.8 RIT | B-423809 | 1 | 895.00 | English Books | |||
| Not For Loan | Non-fiction | D.B.Act.Division | D.B.Act.Division | 31/07/2010 | DBAD/PUB | 895.00 | 203.8 RIT | EN-80985 | 1 | 895.00 | English Books |
